000 00508pab a2200181 454500
008 180718b2012 xxu||||| |||| 00| 0 eng d
100 _aAggarwal, Rajesh Kumar
245 _aHealth planning in India: Assessment of selected interventions in Chandigarh during the eleventh plan
260 _c2012
300 _ap.55-76.
362 _aJun
650 _aHealth services - india
650 _aHealth services
700 _aBansal, Sunil
773 _aMan and Development
908 _aN
909 _a97438
999 _c97438
_d97438